Transkription und Besprechung einer Vorlesungsmitschrift asu dem Jahre 1836 nach einer Vorlesung von Prof. J.D. Reckleben über "specielle Pathologie und Therapie" /

Bibliographic Details
Main Author: Mezynski, Walter von, 1953-
Format: Book
Language:German
Published: München : [publisher not identified], 1984.
Series:Inaugural-Dissertation / Universität München. Tierärztlichen Fakultät ; 1984, [32]

MARC

Tag First Indicator Second Indicator Subfields
LEADER 00000cam a2200000Ka 4500
001 in00004530408
005 20191205081713.0
008 850827s1984 gw b 000 0 ger
035 |a (OCoLC)ocm12428785 
035 |a (OCoLC)12428785 
035 |z (UtOrBLW)62432 
035 |a 89687 
040 |a AGL  |b eng  |c AGL  |d OCLCQ  |d OCLCG  |d UtOrBLW 
041 0 |a ger  |b eng 
049 |a TMVM 
072 0 |a L800 
072 0 |a B500 
100 1 |a Mezynski, Walter von,  |d 1953- 
242 0 0 |a Transcription and discussion of a lecture-manuscript from 1836 after a lecture from Professor J.D. Reckleben on pathology and therapy.  |y eng 
245 1 0 |a Transkription und Besprechung einer Vorlesungsmitschrift asu dem Jahre 1836 nach einer Vorlesung von Prof. J.D. Reckleben über "specielle Pathologie und Therapie" /  |c von Walter von Mezynski. 
264 1 |a München :  |b [publisher not identified],  |c 1984. 
300 |a 203 pages ;  |c 21 cm. 
336 |a text  |2 rdacontent  |b txt 
337 |a unmediated  |2 rdamedia 
338 |a volume  |2 rdacarrier  |b nc 
490 0 |a Inaugural-Dissertation / Universität München. Tierärztlichen Fakultät ;  |v 1984, [32] 
500 |a English summary. 
500 |a Includes vita. 
504 |a Includes bibliographical references (pages 198-201). 
999 |a MARS 
999 f f |s 5e49f68e-ec04-32d3-a146-c50e3de74840  |i 8e10e305-b182-307a-b3b8-d8745cde8daf  |t 0 
952 f f |p preservation  |a Texas A&M University  |b J.J. Pickle Campus  |c High Density Repository  |d Remote Storage  |t 0  |e German dissertations  |h Other scheme  |i unmediated -- volume  |m 3238902449146 
998 f f |a German dissertations  |t 0  |l Remote Storage